| 000 | 00414nam a2200169Ia 4500 | ||
|---|---|---|---|
| 003 | GCL | ||
| 008 | 140319s9999 xx 000 0 eng d | ||
| 040 |
_aGCL / _cGCL |
||
| 082 | 0 | 4 |
_a843 _bM B |
| 100 | 1 | _aMAUPASSANT, GUY | |
| 245 | 1 | 0 |
_aBEL-AMI / _cMAUPASSANT, GUY |
| 260 |
_a[S.N] : _bALBIN MICHEL, S.A ، _c1983 |
||
| 300 | _a367 P | ||
| 650 | 0 | 4 | _aLITERATURE |
| 650 | 0 | 4 | _aFRENCH LITERATURE |
| 942 |
_2ddc _cBK |
||
| 999 |
_c22987 _d22987 |
||